Statistiche per Cessioni più costose - Inter

Clicka qui per fare il quiz!

Statistiche generali

  • Questo quiz è stato fatto 69 volte
  • Il punteggio medio è 16 su 20

Statistiche sulle risposte

Costo (M €)ANazioneAnnoCalciatore% Corretto
68Paris Saint-GermainMarocco2021Achraf Hakimi
100%
113ChelseaBelgio2021Romelu Lukaku
100%
69,50BarcellonaSvezia2009Zlatan Ibrahimović
98%
45Real MadridBrasile2002Ronaldo
97%
38Real MadridCroazia2015Mateo Kovačić
94%
29,50Manchester CityItalia2010Mario Balotelli
92%
27AnzhiCamerun2011Samuel Eto'o
92%
50Paris Saint-GermainArgentina2020Mauro Icardi
91%
21NapoliItalia2021Matteo Politano
89%
22VelenciaFrancia/Repubblica Centrafricana2018Goeffrey Kondogbia
88%
22,50MilanPaesi Bassi2002Clarence Seedorf
86%
17,50FlamengoBrasile2020Gabriel Barbosa
84%
20SassuoloItalia2022Andrea Pinamonti
78%
19,50GenoaItalia2020Andrea Pinamonti
78%
17Stoke CitySvizzera2015Xherdan Shaqiri
78%
26ChelseaArgentina2003Hernán Crespo
72%
17,04MilanItalia2001Andrea Pirlo
61%
18Leeds UtsIrlanda2001Robbie Keane
55%
21ParmaFrancia2003Sébastein Frey
14%
17,90LazioItalia2000Angelo Peruzzi
9%

Distribuzione punteggi

Percentile per numero di risposta

Percentuale di utenti per punteggio

I tuoi punteggi nel tempo

Non hai fatto questo quiz